A Magyar Királyi Ferencz József-Tudományegyetem almanachja az MCMXXIII-XXIV. tanévre

Elmentve itt :
Bibliográfiai részletek
Dokumentumtípus: Könyv
Megjelent: 1924
Sorozat:A Magyar Királyi Ferencz József-Tudományegyetem almanachja
Online Access:http://univ.bibl.u-szeged.hu/16271
LEADER 00557nam a2200145 i 4500
001 univ16271
005 20171212104131.0
008 170615s1924 hu o 0|| zxx d
040 |a SZTE UnivHistória Repozitórium  |b hun 
041 |a zxx 
245 0 2 |a A Magyar Királyi Ferencz József-Tudományegyetem almanachja az MCMXXIII-XXIV. tanévre  |h [elektronikus dokumentum] 
260 |c 1924 
490 0 |a A Magyar Királyi Ferencz József-Tudományegyetem almanachja 
561 |a Évkönyv 
856 4 0 |u http://univ.bibl.u-szeged.hu/16271/1/almanach_1923_24.pdf  |z Dokumentum-elérés